Spy School (Stuart Gibbs) - Statistics

General Stats
  • This quiz has been taken 19 times
  • The average score is 5 of 12
Answer Stats
Hint Answer % Correct
What was the name of the evil gymnast Ashley Sparks
92%
Who is the leader of spyder Mr E or Ms E
92%
Where does this book take place (Spy ski School) Vail, Colorado
85%
Spy School Secret ______ Service
77%
Whos phone helped ben figure out who the mole is Mike
46%
Who bombs the room ben and his parents are in Erica Hale
38%
Who turns against her grandfather Svetlana
38%
Where are murrey and ben stuck in Africa
31%
Where is Spyders temporary hideout in spy camp In a mine
23%
What is the name of the ship this book takes place on The Emporer of the sea
8%
What do conspiracy people think ben is A flumponian Lizard
0%
Who do they capture in the end of Spy school goes south Ashley, Warren, and Joshawa
0%
No matching quizzes found
Score Distribution
Percent of People with Each Score
Percentile by Number Answered
Your Score History
You have not taken this quiz